00469nam a2200157 a 4500008004100000020001500041050001700056100002200073245006100095246002800156260002700184300001000211350000900221500006600230650001500296120416s1972 ||||||||||||||||| || u a0002212129 aPR 9105.O6E7 aTournier, Michael14aThe Erl-kingctranslated from the French by Barbara Bray aRoi des Aulnes. English aLondon:bCollinsc1972 a318p. a0.00 aTranslation of Le roi des Aulnes. Bibliographical references. aLITERATURE